/ساتوا ں شاستر (Record no. 109544)

MARC details
000 -LEADER
fixed length control field 00661nam a22002297a 4500
005 - DATE AND TIME OF LATEST TRANSACTION
control field 20170123162355.0
010 ## - LIBRARY OF CONGRESS CONTROL NUMBER
LC control number 022705
020 ## - INTERNATIONAL STANDARD BOOK NUMBER
Terms of availability 2.12
035 ## - SYSTEM CONTROL NUMBER
System control number 022705
037 ## - SOURCE OF ACQUISITION
Source of stock number/acquisition Cen Lib/Ret
040 ## - CATALOGING SOURCE
Original cataloging agency DPL
Language of cataloging UR
082 ## - DEWEY DECIMAL CLASSIFICATION NUMBER
Classification number 843
Item number ف ک ر
100 ## - MAIN ENTRY--PERSONAL NAME
Personal name فکر تونسوی
9 (RLIN) 142800
245 ## - TITLE STATEMENT
Title /ساتوا ں شاستر
Statement of responsibility, etc فکر تونسوی
246 ## - VARYING FORM OF TITLE
Title proper/short title Satwan shastr /
Remainder of title by Fakar Tunasvi
260 ## - PUBLICATION, DISTRIBUTION, ETC. (IMPRINT)
Place of publication, distribution, etc دہلی
Name of publisher, distributor, etc مکتبہ شاہراہ
Date of publication, distribution, etc 1950
270 ## - ADDRESS
City دہلی
300 ## - PHYSICAL DESCRIPTION
Extent 202p.
Dimensions 15cm(Hb)
650 ## - SUBJECT ADDED ENTRY--TOPICAL TERM
Topical term or geographic name as entry element ادب -- اردو
9 (RLIN) 142801
650 ## - SUBJECT ADDED ENTRY--TOPICAL TERM
Topical term or geographic name as entry element Literature -- Urdu
9 (RLIN) 142802
942 ## - ADDED ENTRY ELEMENTS (KOHA)
Source of classification or shelving scheme Dewey Decimal Classification
Koha item type Urdu Bks
Classification part 843
Call number suffix ف ک ر
Holdings
Withdrawn status Lost status Damaged status Not for loan Home library Current library Date acquired Source of acquisition Cost, normal purchase price Total Checkouts Full call number Barcode Date last seen Copy number Cost, replacement price Price effective from Koha item type
        Central Library Central Library 18/03/2016 Cen Lib/Ref 2.12   843 ف ک ر 022705 18/03/2016 1 2.12 18/03/2016 Urdu Bks

© Delhi Public Library
Hit Counter
free hit counter